| 000 | 02506nam0a2200361 4500 | ||
|---|---|---|---|
| 001 | RU\NLR\BIBL_A\022662641 | ||
| 005 | 20260119153946.0 | ||
| 010 |
_a978-5-9708-1252-5 _9500 |
||
| 021 |
_aRU _bКН-П-25-058816 _9КН-П-25-5667 |
||
| 035 | _a(NLR Aleph) 022662641 | ||
| 090 |
_a13533301 _c13533301 |
||
| 100 | _a20251111d2025 k y0rusy50 ca | ||
| 101 | 0 | _arus | |
| 102 | _aRU | ||
| 105 | _aа z 100zy | ||
| 181 | 0 |
_ai _baxxe |
|
| 182 | 0 | _an | |
| 200 | 1 |
_aВопросы идентификации и классификации товаров в таможенных целях: теория и практика _eматериалы 9-ой Всероссийской научно-практической конференции (г. Орёл, 28 мая 2025 г.) _fМинистерство науки и высшего образования Российской Федерации, Федеральное государственное бюджетное образовательное учреждение высшего образования "Орловский государственный университет имени И. С. Тургенева" _gредакционная коллегия: А. Д. Сотникова (председатель) [и др.] |
|
| 203 |
_aТекст _bвизуальный _cнепосредственный |
||
| 210 |
_aОрел _cОГУ имени И. С. Тургенева _d2025 |
||
| 215 |
_a257 с. _cил. _d21 |
||
| 320 | _aБиблиогр. в конце ст. | ||
| 606 | 1 |
_aТовары _xТаможенный контроль _yРоссийская Федерация _jСъезды, совещания и т.п _2nlr_sh1 _2nlr_sh2 _3RU\NLR\AUTH\661302436 |
|
| 686 | 1 | _aУ43(2)-866(2Р)я431 | |
| 686 | 1 | _aХ621.165.203.1я431 | |
| 702 | 1 |
_aСотникова _bА. Д. _4340 |
|
| 711 | 1 | 2 |
_a"Вопросы идентификации и классификации товаров в таможенных целях: теория и практика", всероссийская научно-практическая конференция с международным участием _d9 _f2025 _eОрел _3RU\NLR\AUTH\880634878 |
| 712 | 0 | 2 |
_aОрловский государственный университет им. И. С. Тургенева _3RU\NLR\AUTH\889941274 _4570 |
| 942 | _cBOOK | ||
| 980 | _aNB | ||